Statystyki dla Samochodowa Mapa Europy

Kliknij tutaj aby rozwiązać quiz!

Ogólne statystyki

  • Ten quiz został rozwiązany 66 razy
  • Średni wynik to 7 z 11

Odpowiedzi na mapie

Odpowiedzi skodowane kolorowo w zielono-czerwonej skali na mapie do tego quizu, zgodnie z poniższymi procentami.
 

Statystyki odpowiedzi

Odpowiedź% Poprawnych
Fiat
95%
Mercedes-Benz
94%
Seat
92%
Volvo
90%
Ferrari
84%
Waz
74%
Skoda
71%
Peugeot
68%
Rolls-Royce
56%
Rimac
18%
ZAZ
5%

Rozkład punktacji

Percentyl według liczby udzielonych odpowiedzi

Procent ludzi z każdym wynikiem

Twoja historia wyników

Nie rozwiązałeś tego quizu